<?xml version='1.0' encoding='UTF-8'?>
  <record xmlns="http://www.loc.gov/MARC21/slim">
    <leader>00000cam a22000007i 4500</leader>
    <controlfield tag="001">ocn974072520</controlfield>
    <controlfield tag="003">OCoLC</controlfield>
    <controlfield tag="005">20250822040442.0</controlfield>
    <controlfield tag="008">991018s1497    sz            001 0 lat d</controlfield>
    <datafield tag="040" ind1=" " ind2=" ">
      <subfield code="a">QGJ</subfield>
      <subfield code="b">eng</subfield>
      <subfield code="e">rda</subfield>
      <subfield code="e">dcrmr</subfield>
      <subfield code="c">QGJ</subfield>
      <subfield code="d">OCLCL</subfield>
      <subfield code="d">OCLCQ</subfield>
      <subfield code="d">QGJ</subfield>
    </datafield>
    <datafield tag="035" ind1=" " ind2=" ">
      <subfield code="a">(OCoLC)974072520</subfield>
    </datafield>
    <datafield tag="100" ind1="0" ind2=" ">
      <subfield code="a">Augustine,</subfield>
      <subfield code="c">of Hippo, Saint,</subfield>
      <subfield code="d">354-430,</subfield>
      <subfield code="e">author.</subfield>
      <subfield code="4">aut</subfield>
      <subfield code="1">https://id.oclc.org/worldcat/entity/E39PBJmDhMY9wQ8PqWFFxJfDv3</subfield>
    </datafield>
    <datafield tag="240" ind1="1" ind2="0">
      <subfield code="a">Enarrationes in Psalmos</subfield>
    </datafield>
    <datafield tag="245" ind1="1" ind2="0">
      <subfield code="a">Aurelij Augustini Prima [-Tertia] Quinquagena</subfield>
    </datafield>
    <datafield tag="246" ind1="3" ind2=" ">
      <subfield code="a">Prima [-Tertia] Quinquagena</subfield>
    </datafield>
    <datafield tag="246" ind1="1" ind2=" ">
      <subfield code="i">Title according to ISTC, IDL and Alblas, J. Incunabelen Rijksuniversiteit te Utrecht:</subfield>
      <subfield code="a">Explanatio psalmorum</subfield>
    </datafield>
    <datafield tag="264" ind1=" " ind2="1">
      <subfield code="a">Basile[a]e :</subfield>
      <subfield code="b">p[er] magistru[m] ioannem de Amerbach,</subfield>
      <subfield code="c">Anno d[omi]ni M.cccc.xcvij. [1497]</subfield>
    </datafield>
    <datafield tag="300" ind1=" " ind2=" ">
      <subfield code="a">3 volumes ([104]; [140]; [136]; 40]) leaves ;</subfield>
      <subfield code="c">31 cm (folio)</subfield>
    </datafield>
    <datafield tag="336" ind1=" " ind2=" ">
      <subfield code="a">text</subfield>
      <subfield code="b">txt</subfield>
      <subfield code="2">rdacontent</subfield>
    </datafield>
    <datafield tag="337" ind1=" " ind2=" ">
      <subfield code="a">unmediated</subfield>
      <subfield code="b">n</subfield>
      <subfield code="2">rdamedia</subfield>
    </datafield>
    <datafield tag="338" ind1=" " ind2=" ">
      <subfield code="a">volume</subfield>
      <subfield code="b">nc</subfield>
      <subfield code="2">rdacarrier</subfield>
    </datafield>
    <datafield tag="340" ind1=" " ind2=" ">
      <subfield code="m">folio</subfield>
      <subfield code="2">rdabf</subfield>
    </datafield>
    <datafield tag="340" ind1=" " ind2=" ">
      <subfield code="k">2 columns</subfield>
    </datafield>
    <datafield tag="500" ind1=" " ind2=" ">
      <subfield code="a">Title from title pages which reads: volume 1: Aurelij Augustini Prima Quinquagena; volume 2: Aurelij Augustini Secunda Quinquagena; volume 3: Aurelij Augustini Tertia Quinquagena</subfield>
    </datafield>
    <datafield tag="500" ind1=" " ind2=" ">
      <subfield code="a">Publication statement from colophon, which reads: Post exacta[m] diligente[m]q[ue] emendatione[m] (auctore deo) p[er]fectu[m] est insigne atque p[re]claru[m] hoc opus explanationis psalmo[rum]: diui ac magni doctoris augustini. Opus reuera maiori co[m]mendatione se dignu[m] exhibe[n]s legentib[us] q[uam] q[ui]busuis verbis explicari possit: vt et ex p[re]fatione et p[ro]logo ip[s]ius euide[n]ter colligi potest. Qua[n]to vero studio &amp; accuratio[n]e castigatu[m]: emendatu[m] et ordinatum sit: hi iudice[n]t q[ui] illud alijs similibus sibi: siue manu scriptis: siue [a]ere impressis litteris co[n]tulerint. Co[n]summatum Basile[a]e p[er] magistru[m] ioannem de Amerbach: Anno d[omi]ni M.cccc.xcvij.</subfield>
    </datafield>
    <datafield tag="500" ind1=" " ind2=" ">
      <subfield code="a">Includes index, with separate title page and signing, titled: Principaliu[m] sententiarum in explanatione libri psalmoru[m] diui Augustini Annotatio.</subfield>
    </datafield>
    <datafield tag="500" ind1=" " ind2=" ">
      <subfield code="a">Text printed in two columns.</subfield>
    </datafield>
    <datafield tag="500" ind1=" " ind2=" ">
      <subfield code="a">Printed marginalia.</subfield>
    </datafield>
    <datafield tag="500" ind1=" " ind2=" ">
      <subfield code="a">Capital spaces with guide letters.</subfield>
    </datafield>
    <datafield tag="500" ind1=" " ind2=" ">
      <subfield code="a">Incipit volume 1 (leaf a1 verso): In explicatione[m] libri psalmorum Diui Aurelij Augustini: pr[a]efatio incipit.</subfield>
    </datafield>
    <datafield tag="500" ind1=" " ind2=" ">
      <subfield code="a">Explicit volume 1 (leaf o10 recto): Diui Aurelij Augustini Hipponensis episcopi: de quinquagesimo &amp; ultimo prim[a]e Quinquagen[a]e psalmo Tractatus f[a]eliciter explicit.</subfield>
    </datafield>
    <datafield tag="500" ind1=" " ind2=" ">
      <subfield code="a">Incipit volume 2 (leaf A1 verso): Diui Aurelij Augustini Hipponen[sis]. ep[iscop]i de ps[almo]. LI. Tractatus incipit. Pr[a]efatio.</subfield>
    </datafield>
    <datafield tag="500" ind1=" " ind2=" ">
      <subfield code="a">Explicit volume  2 (leaf U6 recto): Diui Aurelij Augustini Hipponensis episcopi: de centesimo &amp; ultimo secund[a]e Quinquagen[a]e psalmo Tractatus f[a]eliciter explicit.</subfield>
    </datafield>
    <datafield tag="500" ind1=" " ind2=" ">
      <subfield code="a">Incipit volume 3 (leaf aa1 recto): Diui Aurelij Augustini Hipponensis episcopi: de psalmo. CI. Tractat[us] incipit.</subfield>
    </datafield>
    <datafield tag="500" ind1=" " ind2=" ">
      <subfield code="a">Explicit volume 3 (leaf tt8 recto): Diui Aurelij Augustini Hipponensis ep[scop]i: de centesimo quinquagesimo et vltimo terti[a]e quinquagen[a]e psalmo: tractatus f[a]eliciter explicit.</subfield>
    </datafield>
    <datafield tag="500" ind1=" " ind2=" ">
      <subfield code="a">Incipit Principalium sententiarum ... annotatio (leaf Aa1 verso): principaliu[m] sententiarum in explanatione libri psalmoru[m] diui Augustini co[m]prehensaru[m] summaria ordinataq[ue] annotatio.</subfield>
    </datafield>
    <datafield tag="500" ind1=" " ind2=" ">
      <subfield code="a">Explicit Principalium sententiarum ... annotatio (leaf Ff8 recto):  Finis annotationum.</subfield>
    </datafield>
    <datafield tag="500" ind1=" " ind2=" ">
      <subfield code="a">Signatures volume 1: a-d⁸ e-m⁶/⁸ n⁶ o¹⁰; o10v is blank.</subfield>
    </datafield>
    <datafield tag="500" ind1=" " ind2=" ">
      <subfield code="a">Signatures volume 2:  A-F⁸/⁶ G-H⁸ I-O⁶/⁸ P⁶ Q-R⁸ S-U⁶; U6v is blank.</subfield>
    </datafield>
    <datafield tag="500" ind1=" " ind2=" ">
      <subfield code="a">Signatures volume 3: aa-qq⁸/⁶ rr-tt⁸; tt8v is blank.</subfield>
    </datafield>
    <datafield tag="500" ind1=" " ind2=" ">
      <subfield code="a">Signatures Principalium sententiarum ... annotatio: Aa ⁸ Bb⁶ Cc-Ff⁸; Ff8 is blank.</subfield>
    </datafield>
    <datafield tag="510" ind1="4" ind2=" ">
      <subfield code="a">Incunabula Short Title Catalogue,</subfield>
      <subfield code="c">ia01274000</subfield>
      <subfield code="u">https://data.cerl.org/istc/ia01274000</subfield>
    </datafield>
    <datafield tag="510" ind1="4" ind2=" ">
      <subfield code="a">Gesamtkatalog der Wiegendrucke,</subfield>
      <subfield code="c">02911</subfield>
      <subfield code="u">https://www.gesamtkatalogderwiegendrucke.de/docs/GW02911.htm</subfield>
    </datafield>
    <datafield tag="510" ind1="4" ind2=" ">
      <subfield code="a">Incunabula in Dutch Libraries,</subfield>
      <subfield code="c">520</subfield>
    </datafield>
    <datafield tag="510" ind1="4" ind2=" ">
      <subfield code="a">Bayerische Staatsbibliothek Inkunabelkatalog,</subfield>
      <subfield code="c">A-885</subfield>
      <subfield code="u">https://inkunabeln.digitale-sammlungen.de/Ausgabe_A-885.html</subfield>
    </datafield>
    <datafield tag="510" ind1="4" ind2=" ">
      <subfield code="a">Typenrepertorium der Wiegendrucke,</subfield>
      <subfield code="c">ma02368</subfield>
      <subfield code="u">https://tw.staatsbibliothek-berlin.de/ma02368</subfield>
    </datafield>
    <datafield tag="510" ind1="4" ind2=" ">
      <subfield code="a">Typenrepertorium der Wiegendrucke,</subfield>
      <subfield code="c">ma02380</subfield>
      <subfield code="u">https://tw.staatsbibliothek-berlin.de/ma02380</subfield>
    </datafield>
    <datafield tag="510" ind1="4" ind2=" ">
      <subfield code="a">Typenrepertorium der Wiegendrucke,</subfield>
      <subfield code="c">ma02383</subfield>
      <subfield code="u">https://tw.staatsbibliothek-berlin.de/ma02383</subfield>
    </datafield>
    <datafield tag="510" ind1="4" ind2=" ">
      <subfield code="a">Typenrepertorium der Wiegendrucke,</subfield>
      <subfield code="c">ma02386</subfield>
      <subfield code="u">https://tw.staatsbibliothek-berlin.de/ma02386</subfield>
    </datafield>
    <datafield tag="510" ind1="4" ind2=" ">
      <subfield code="a">Typenrepertorium der Wiegendrucke,</subfield>
      <subfield code="c">ma02392</subfield>
      <subfield code="u">https://tw.staatsbibliothek-berlin.de/ma02392</subfield>
    </datafield>
    <datafield tag="546" ind1=" " ind2=" ">
      <subfield code="b">Typeface: 1:185G, 9:76G, 11:82G, 14:285G, 19:62G.</subfield>
    </datafield>
    <datafield tag="630" ind1="0" ind2="0">
      <subfield code="a">Bible.</subfield>
      <subfield code="p">Psalms.</subfield>
      <subfield code="l">Latin.</subfield>
    </datafield>
    <datafield tag="630" ind1="0" ind2="7">
      <subfield code="a">Bible.</subfield>
      <subfield code="p">Psalms</subfield>
      <subfield code="2">fast</subfield>
    </datafield>
    <datafield tag="655" ind1=" " ind2="2">
      <subfield code="a">Incunabula</subfield>
    </datafield>
    <datafield tag="655" ind1=" " ind2="7">
      <subfield code="a">incunabula (books)</subfield>
      <subfield code="2">aat</subfield>
    </datafield>
    <datafield tag="655" ind1=" " ind2="7">
      <subfield code="a">Incunables.</subfield>
      <subfield code="2">rvmgf</subfield>
    </datafield>
    <datafield tag="700" ind1="1" ind2=" ">
      <subfield code="a">Amerbach, Johannes,</subfield>
      <subfield code="d">1441?-1513,</subfield>
      <subfield code="e">printer of plates.</subfield>
      <subfield code="4">prt</subfield>
      <subfield code="1">https://id.oclc.org/worldcat/entity/E39PBJfmpYy6vjB4RFQTxtvyh3</subfield>
    </datafield>
    <datafield tag="752" ind1=" " ind2=" ">
      <subfield code="a">Switzerland</subfield>
      <subfield code="d">Basel,</subfield>
      <subfield code="e">publication place.</subfield>
      <subfield code="4">pup</subfield>
    </datafield>
    <datafield tag="740" ind1="0" ind2=" ">
      <subfield code="a">Principaliu[m] sententiarum in explanatione libri psalmoru[m] diui Augustini Annotatio.</subfield>
    </datafield>
  </record>